000 00895nam a22002297a 4500
999 _c942
_d942
003 AR-CdUCM
008 190225b ||||| |||| 00| 0 spa d
040 _aMUNICIPALIDAD PROVINCIAL DEL CUSCO
_cBIBLIOTECA MUNICIPAL DEL CUSCO
041 _hfre
082 _22ed.
_a278.1 /
_bH77
100 _aHosie, Raymond
_93646
245 _aLa comunidad relacion de personas /
_cRaymond Hostie
260 _aSalamanca :
_bSigueme,
_c1970.
300 _a232 paginas ;
_c18 cm.
505 _aLa joven de hoy ante la vida comunitaria -- Las religiones jóvenes y la comunidad -- La comunidad: desarrollo de la persona en el contacto con los demás -- La posible comunidad, posible bandicap en el desarrollo de la persona ...
650 _aVida religiosa
_93647
650 _aIglesia
_91428
650 _aCristianismo
_92910
700 _aArjona, A.
_93648
942 _2ddc
_cLIBROS
945 _aacv
_d2019-02-25